| 000 | 00455cam a22001934a 4500 | ||
|---|---|---|---|
| 005 | 20250605164251.0 | ||
| 008 | 250528s ||||||||||||||||||||||||d | ||
| 035 | _a21761 | ||
| 020 | _a9780470853207 | ||
| 040 |
_aGR-AtMCL _bgre _dGR-AtMCL _eAACR2 |
||
| 245 | 1 | _aPROGRAMMING LANGUAGE DESIGN CONCEPTS | |
| 250 | _a1 | ||
| 260 |
_bWiley, _c2004 |
||
| 300 | _a473 | ||
| 700 | 1 |
_aWatt David A _91560 |
|
| 942 | _cBK | ||
| 999 |
_c6820 _d6820 |
||